000
00349nam a22001217a 4500
003
SGT
082
_a
97881237661190
_b
920
100
_a
P11K
245
_a
दुबे, अभय कुमार
_b
बाल ठाकरे :आज के नेता
260
_b
राजकमल प्रकाशन
_c
1997
300
_a
135
942
_2
ddc
_c
BK
999
_c
31966
_d
31966